000 00614nam a2200217Ia 4500
008 101110s9999 xx 000 0 und d
041 _aENGLISH
082 _bSR31060
100 _aDeb A.C.
245 _aComprehensible viva and practical biochemistry
260 _c2007
_bNew Central Book Agency pvt.Ltd;Kolkata
300 _a92
365 _b195
520 _aBiology/Zoology
546 _aENGLISH
630 _aComprehensible viva and practical biochemistry
650 _aBiology/Zoology
655 _aBiology/Zoology
730 _aComprehensible viva and practical biochemistry
942 _cBOOK
999 _c823563
_d823560